Holiday Quiz

Random Holiday or Clickable Quiz

How to Build a Halloween Costume Quiz Stats

 Plays Quiz Updated Oct 30, 2017

Score 0/18 Timer 06:00
2 Plays Today
% Correct
Harry Potter
94.3%
Superman
93.9%
Wicked Witch of the West
93.9%
Vampire
93.9%
Indiana Jones
92.4%
The Powerpuff Girls
92.1%
Mummy
90.7%
Ninja Turtle
90.6%
Captain Hook
90.1%
% Correct
Ghostbuster
89.7%
Werewolf
89.7%
Ziggy Stardust
88.6%
Scooby-Doo Villain
87.6%
Roger Rabbit
86.8%
Skeleton
85.8%
Frodo Baggins
84.4%
Jon Snow
75%
Skyrim Guard
71.9%

You're not logged in!

Compare scores with friends on all Sporcle quizzes.
OR
Log In

You Might Also Like...

Show Comments

Extras

Top Quizzes Today


Score Distribution

Your Account Isn't Verified!

In order to create a playlist on Sporcle, you need to verify the email address you used during registration. Go to your Sporcle Settings to finish the process.

Report this User

Report this user for behavior that violates our Community Guidelines.

Details: